000 00445nam a2200157 a 4500
005 20140310182410.0
008 130828s19uu xx 00 eng d
020 _a9712707784
100 _aOcampo, Ambeth R.
245 _aThe Centennial countdown /
_cAmbeth R. Ocampo.
260 _aAnvil :
_bAnvil,
_c1998.
300 _a310
650 _aPhilippines -- History -- 1896-1898.
650 _a Philippines -- History -- 1898-1901.
942 _cBK
999 _c12834
_d12834